| 000 | 01356nam0a22003011 4500 | ||
|---|---|---|---|
| 001 | RU\NLR\INFOCOMM_241\5000009272 | ||
| 005 | 20250613091610.0 | ||
| 035 | _a(NLR Aleph) 009117033 | ||
| 090 |
_a8196197 _c8196197 |
||
| 100 | _a20090218d1965 |||y0rusy50 ca | ||
| 101 | 0 | _aspa | |
| 102 | _aRU | ||
| 105 | _ay ||||000|y | ||
| 200 | 1 |
_aMétodos y organización de las exploaciones geoquímicas _e[Conferencia dada en el Seminario internacional de los métodos geoquímicos de prospección de materias primas metálicas para los becarios de la ONU - especialistas de los países de Asia, Africa, América Latina y de algunos países de Europa, ... del 9 al 27 agosto del año 1965 en Moscú] _fA. A. Beus, E. M. Yanishevski _gCom. estatal de geología de la URSS |
|
| 210 |
_aΜ. _d1965 |
||
| 215 |
_a31 с. _d20 см |
||
| 309 | _aОтпечат. множит. аппаратом | ||
| 686 |
_aГн-686 _2rubbk |
||
| 700 | 1 |
_aBeus _bA. A. _gAleksej Aleksandrovič _4070 |
|
| 701 | 1 |
_9z01790 _aJaniševskij _bE. M. _4070 |
|
| 711 | 1 | 2 |
_aSeminario internacional de los métodos geoquímicos de prospección de materias primas metálicas _f1965 _eMoscú _3RU\NLR\AUTH\880619463 |
| 790 | 1 |
_9z01701 _aYanishevski _bE. M. _4070 |
|
| 801 | 1 |
_aRU _bNLR _c20090218 |
|
| 801 | 0 |
_aRU _bNLR _gPSBO |
|
| 852 |
_aNLR _jА01 Г-4/100 |
||
| 942 | _cBOOK | ||
| 980 | _aNB | ||